TEACH YOURSELF TO THINK (Record no. 12903)
[ view plain ]
| 000 -LEADER | |
|---|---|
| fixed length control field | 00331nam a2200133Ia 4500 |
| 008 - FIXED-LENGTH DATA ELEMENTS--GENERAL INFORMATION | |
| fixed length control field | 240624s9999 xx 000 0 und d |
| 041 ## - LANGUAGE CODE | |
| Language code of text/sound track or separate title | eng |
| 082 ## - DEWEY DECIMAL CLASSIFICATION NUMBER | |
| Classification number | 658.314 BON |
| 100 ## - MAIN ENTRY--PERSONAL NAME | |
| Personal name | DE BONO EDWARD |
| 245 ## - TITLE STATEMENT | |
| Title | TEACH YOURSELF TO THINK |
| 260 ## - PUBLICATION, DISTRIBUTION, ETC. | |
| Date of publication, distribution, etc. | 1995 |
| Place of publication, distribution, etc. | London |
| Name of publisher, distributor, etc. | Penguin Books |
| 300 ## - PHYSICAL DESCRIPTION | |
| Extent | 254 : p. : cm. ; 22 |
| 365 ## - TRADE PRICE | |
| Currency code | BPS |
| Price amount | 25 |
| Withdrawn status | Lost status | Damaged status | Not for loan | Home library | Current library | Shelving location | Date acquired | Source of acquisition | Cost, normal purchase price | Total Checkouts | Total Holds | Full call number | Barcode | Date last seen | Date last checked out | Copy number | Price effective from | Koha item type |
|---|---|---|---|---|---|---|---|---|---|---|---|---|---|---|---|---|---|---|
| IMTN | IMTN | Rack 27-A | 03/17/2009 | IBH | 6.30 | 1 | 2597 | 658.314 BON | 12903 | 10/14/2025 | 10/05/2025 | 75 | 06/24/2024 | Books |